000 00250nam a2200097Ia 4500
001 892131
005 20250826184230.0
008 250824s9999 xx 000 0 und d
245 0 _aÇAĞLAYANLAR
_cAHMET HİKMET MÜFTÜOĞLU
260 _bİSKELE YAYINLARI
999 _c892131
_d892131